00948nam a2200265 a 450000500170000000800410001701000140005802000260007203500130009803700150011104000180012608200110014410000180015524500940017326000350026727000570030230000360035950000200039565000240041565000220043965000360046194200250049799900170052295201430053920010905110431.0970417s1997 caua 001 0 eng  aENG-92477 c249.00a9788126516711 aEN-76010 bDBAD / PUB adplbEnglish  a650.13 aBoyer, Chuck  aGet your frog out of the well:cby Chuck Boyer bprivate lessons for the global economy / aNew Delhi bWiley India c2008 a4435/7, Ansari Road, Daryaganj, bNew Delhi e110002 axii, 170p.:c22 cm (pbk)bill.  aIncludes index  aSuccess in business aCorporate culture aCommunications in organizations 2ddccENmBOYh650.13 c20895d20895 00102ddc40718NFICaDBADbDBADd2009-01-12eDBAB / PUBg249.00l0o650.13 BOYpEN-76010r2009-01-12 00:00:00t1v249.00w2009-01-12yEN